Statistics for Major League Baseball's Top Ten Right Fielders

Click here to take the quiz!

General Stats

  • This quiz has been taken 119 times
  • The average score is 7 of 10

Answer Stats

TeamAnswer% Correct
PiratesRoberto Clemente
92%
YankeesBabe Ruth
91%
BravesHank Aaron
91%
MarinersIchiro Suzuki
80%
PadresTony Gwynn
77%
A'sReggie Jackson
72%
OriolesFrank Robinson
63%
TigersAl Kaline
59%
GiantsMel Ott
52%
YankeesDave Winfield
42%

Score Distribution

Percentile by Number Answered

Percent of People with Each Score

Your Score History

You have not taken this quiz